LEADER 01098nam a2200265 i 4500 001 991003490979707536 008 080326s2002 it 000 0 mul d 020 $a884529210X 035 $ab13702452-39ule_inst 040 $aDip.to Filosofia$bita 082 0 $a187 100 1 $aEpicurus $0255012 245 10$aEpicurea :$btesti di Epicuro e testimonianze epicuree nella raccolta di Hermann Usener /$ctraduzione e note di Ilaria Ramelli ; presentazione di Giovanni Reale 260 $aMilano :$bBompiani il pensiero occidentale,$c2002 300 $aXIV, 889 p. ;$c22 cm 440 0$aBompiani Il pensiero occidentale 500 $aTesto greco e latino a fronte. 700 1 $aRamelli , Ilaria $eauthor$4http://id.loc.gov/vocabulary/relators/aut$0260412 700 1 $aUsener, Hermann 907 $a.b13702452$b26-03-08$c26-03-08 912 $a991003490979707536 945 $aLE005 180 EPI02. RAM02. 01$g1$i2005000188701$lle005$o-$pE30.00$q-$rl$s- $t0$u5$v0$w5$x0$y.i14701248$z26-03-08 996 $aEpicurea$91464307 997 $aUNISALENTO 998 $ale005$b26-03-08$cm$da $e-$fmul$git $h0$i0 LEADER 02205oam 22006735 450 001 9910780359403321 005 20230929200410.0 010 $a1-280-08661-0 010 $a9786610086610 010 $a0-585-47910-0 024 7 $a10.1596/0-8213-5459-0 035 $a(CKB)111087027996012 035 $a(OCoLC)559577805 035 $a(CaPaEBR)ebrary10044930 035 $a(SSID)ssj0000089135 035 $a(PQKBManifestationID)11111138 035 $a(PQKBTitleCode)TC0000089135 035 $a(PQKBWorkID)10111324 035 $a(PQKB)10063044 035 $a(MiAaPQ)EBC3050614 035 $a(Au-PeEL)EBL3050614 035 $a(CaPaEBR)ebr10044930 035 $a(CaONFJC)MIL8661 035 $a(OCoLC)495528351 035 $a(The World Bank)2003057693 035 $a(US-djbf)13258375 035 $a(EXLCZ)99111087027996012 100 $a20030701d2003 uf 0 101 0 $aeng 135 $aurcn||||||||| 181 $ctxt$2rdacontent 182 $cc$2rdamedia 183 $acr$2rdacarrier 200 10$aReaching the rural poor $ea renewed strategy for rural development 210 1$aWashington, DC :$cWorld Bank,$d[2003] 210 4$dcopyright 2003. 215 $axxx, 174 pages $cillustrations ;$d26 cm 300 $a"Csaba Csaki ... is the principal author of this document, with significant input from Cornelis de Haan"--P. vii. 311 $a0-8213-5459-0 320 $aIncludes bibliographical references. 410 0$aWorld Bank e-Library. 606 $aRural development$zDeveloping countries 606 $aRural poor$xServices for$zDeveloping countries 606 $aRural development projects$zDeveloping countries 606 $aAgricultural development projects$zDeveloping countries 615 0$aRural development 615 0$aRural poor$xServices for 615 0$aRural development projects 615 0$aAgricultural development projects 676 $a307.1/412/091724 700 $aCsaki$b Csaba$0902483 701 $aHaan$b Cees de$f1940-$01539082 801 0$bDLC 801 1$bDLC 801 2$bDLC 906 $aBOOK 912 $a9910780359403321 996 $aReaching the rural poor$93789706 997 $aUNINA LEADER 01598oam 2200481zu 450 001 9911006556703321 005 20210807002758.0 010 $a1-64331-203-0 010 $a1-61583-555-5 035 $a(CKB)3360000000000229 035 $a(SSID)ssj0000403963 035 $a(PQKBManifestationID)12172480 035 $a(PQKBTitleCode)TC0000403963 035 $a(PQKBWorkID)10436306 035 $a(PQKB)10209130 035 $a(EXLCZ)993360000000000229 100 $a20160829d2004 uy 101 0 $aeng 181 $ctxt 182 $cc 183 $acr 200 10$aModels unleashed : virtual plant and model predictive control applications : a pocket guide 210 31$a[Place of publication not identified]$cISA$d2004 300 $aBibliographic Level Mode of Issuance: Monograph 311 $a1-55617-857-3 606 $aProcess control$xComputer simulation 606 $aPredictive control 606 $aMechanical Engineering$2HILCC 606 $aEngineering & Applied Sciences$2HILCC 606 $aIndustrial & Management Engineering$2HILCC 615 0$aProcess control$xComputer simulation. 615 0$aPredictive control. 615 7$aMechanical Engineering 615 7$aEngineering & Applied Sciences 615 7$aIndustrial & Management Engineering 676 $a670.42/75 700 $aMcMillan$b Gregory K$01823352 702 $aCameron$b Robert A 801 0$bPQKB 906 $aBOOK 912 $a9911006556703321 996 $aModels unleashed : virtual plant and model predictive control applications : a pocket guide$94391680 997 $aUNINA